| 000 | 01362nam a2200397 a 4500 | ||
|---|---|---|---|
| 001 | BRCA_3919 | ||
| 005 | 20190320204456.0 | ||
| 008 | 100110s1897----u--a######---#000-0#eng-# | ||
| 041 | _aeng | ||
| 044 | _au | ||
| 050 | 4 |
_aF1219 _b.H65 1897 |
|
| 100 | 1 |
_aHolmes, William H. _910184 |
|
| 245 | 1 | 0 |
_aArcheological studies among the ancient cities of Mexico _cby William H. Holmes. |
| 260 |
_aChicago _bField Columbian Museum _c1895, 1897 |
||
| 300 |
_aVarias paginaciones _bil. pls. _c25 cm. |
||
| 440 | 0 |
_aField Columbian Museum publication _v16 _910185 |
|
| 500 | _aPart I.- Incluye índice de ilustración: p. 5-6. | ||
| 500 | _aPart II.- Incluye índice de ilustración: p. 145-147. | ||
| 500 | _aIncluye índice temático: p. 331-338. | ||
| 500 | _aPart I.- Monuments of Yucatán. | ||
| 500 | _aPart II.- Monuments of Chiapas, Oaxaca and the valley of Mexico. | ||
| 500 | _aC68 | ||
| 650 | 1 | 4 |
_aIndios de México _910186 |
| 650 | 1 | 4 |
_aMayas _98077 |
| 650 | 1 | 4 |
_aMixtecos _910187 |
| 650 | 1 | 4 |
_aZapotecos _910188 |
| 650 | 1 | 4 |
_aAztecas _92396 |
| 650 | 1 | 4 |
_aArqueología _98098 |
| 651 | 4 |
_aMéxico _vAntigüedades _910189 |
|
| 651 | 4 |
_aOaxaca _vAntigüedades _910190 |
|
| 651 | 4 |
_aTeotihuacan, México (Estado) _910191 |
|
| 651 | 4 |
_aYucatán _vAntigüedades _910192 |
|
| 651 | 4 |
_aChiapas _vAntigüedades _910193 |
|
| 902 | _aGFM | ||
| 942 |
_2lcc _cB |
||
| 999 |
_c3646 _d3646 |
||